000 00922nam a22002177a 4500
005 20171129122157.0
010 _aUR-9872
020 6 _c60.00
035 _aU-8427
037 _bDBAD/PUB
082 _a270
100 _aمو لا نا سید حا مد علی
245 _aا سلا م آ پ سے کیا چا ہتا ہے ؟
_cمو لا نا سید حا مد علی
246 _b
_aIslamAap se Kya Chahta Hai
250 _aby Moulana Sayyid Hamid Ali
260 _a نئی د لی
_bMerkazi Maktaba Islami Publishers
_c2014
270 _aD307,Dawat Nagar,Abul Fazal Enclave,Jamia Nagar ,
_b New Delhi
_e110025
_k01126971652
_l-
300 _a132ص
_c22 Cm.(B.b)
500 _aدو حصہ
942 _2ddc
_cUR
_h270
_mس ی د
_e
999 _c147082
_d147082